Inflación y tributación : (Registro nro. 7609)

Detalles MARC
000 -LEADER
fixed length control field 01458nam a2200241Ia 4500
003 - CONTROL NUMBER IDENTIFIER
control field OSt
005 - DATE AND TIME OF LATEST TRANSACTION
control field 20210417210538.0
008 - FIXED-LENGTH DATA ELEMENTS--GENERAL INFORMATION
fixed length control field 210310s1978 eu gr 000 0 spa d
040 ## - CATALOGING SOURCE
Original cataloging agency CO-JMCR
Transcribing agency CO-JMCR
041 0# - LANGUAGE CODE
Language code of text/sound track or separate title spa
082 04 - DEWEY DECIMAL CLASSIFICATION NUMBER
Classification number 336.201 /
Item number O731i
Edition number 23
110 2# - MAIN ENTRY--CORPORATE NAME
Corporate name or jurisdiction name as entry element Organización de los estados Americanos
9 (RLIN) 36938
245 10 - TITLE STATEMENT
Title Inflación y tributación :
Remainder of title análisis de los efectos de la inflación y de los sistemas de ajustes empleados para corregir sus distorsiones en los países de América Latina /
Statement of responsibility, etc. Organización de los Estados Americanos
260 ## - PUBLICATION, DISTRIBUTION, ETC.
Place of publication, distribution, etc. Washington :
Name of publisher, distributor, etc. CIES,
Date of publication, distribution, etc. 1978
300 ## - PHYSICAL DESCRIPTION
Other physical details ix, 167 páginas ;
Dimensions 23 cm.
490 0# - SERIES STATEMENT
Series statement Documentos ocasionales
-- Programa del Sector Público
500 ## - GENERAL NOTE
General note Incluye notas a pie de página.
505 0# - FORMATTED CONTENTS NOTE
Formatted contents note La problemática de la inflación y la tributación en América Latina -- Ajustes del impuesto sobre la renta personal -- Ajustes del impuesto sobre las utilidades de las empresas -- Ajustes en la tributación a las ganancias de la capital -- Ajustes en la imposición al patrimonio -- Ajustes en la imposición al consumo -- Ajustes en la imposición al comercio exterior -- Ajustes en las contribuciones de seguridad social -- Efectos de la inflación en la deuda tributaria -- Síntesis y conclusiones
650 14 - SUBJECT ADDED ENTRY--TOPICAL TERM
Topical term or geographic name entry element Impuestos
9 (RLIN) 14931
Geographic subdivision América Latina
650 24 - SUBJECT ADDED ENTRY--TOPICAL TERM
Topical term or geographic name entry element Inflación
Geographic subdivision América Latina
9 (RLIN) 36939
710 2# - ADDED ENTRY--CORPORATE NAME
Corporate name or jurisdiction name as entry element Organización de los Estados Americanos
9 (RLIN) 36940
942 ## - ADDED ENTRY ELEMENTS (KOHA)
Source of classification or shelving scheme Dewey Decimal Classification
Koha item type Books
Existencias
Withdrawn status Lost status Source of classification or shelving scheme Damaged status Not for loan Collection code Home library Current library Date acquired Source of acquisition Full call number Barcode Date last seen Copy number Koha item type
    Dewey Decimal Classification     Non-fiction Biblioteca Pública José María del Castillo y Rada Biblioteca Pública José María del Castillo y Rada 04/15/2018 Donación 336.201 / O731i 430004601 05/16/2024 Ej.1 Books